<?xml version="1.0" encoding="UTF-8"?>
<record
    xmlns:xsi="http://www.w3.org/2001/XMLSchema-instance"
    xsi:schemaLocation="http://www.loc.gov/MARC21/slim http://www.loc.gov/standards/marcxml/schema/MARC21slim.xsd"
    xmlns="http://www.loc.gov/MARC21/slim">

  <leader>05459nam a2200505 a 4500</leader>
  <controlfield tag="001">dia_3679</controlfield>
  <controlfield tag="003">CHAP</controlfield>
  <controlfield tag="005">20250228123641.0</controlfield>
  <controlfield tag="007">ta</controlfield>
  <controlfield tag="008">220117s2006    mx bde frm   a001 0 spa d</controlfield>
  <datafield tag="010" ind1=" " ind2=" ">
    <subfield code="a">174226</subfield>
  </datafield>
  <datafield tag="040" ind1=" " ind2=" ">
    <subfield code="c">CHAP</subfield>
    <subfield code="a">mxchpua</subfield>
    <subfield code="e">rda</subfield>
  </datafield>
  <datafield tag="041" ind1="0" ind2=" ">
    <subfield code="a">spa</subfield>
    <subfield code="b">eng</subfield>
  </datafield>
  <datafield tag="090" ind1=" " ind2=" ">
    <subfield code="a">Tesis </subfield>
    <subfield code="b">L83 </subfield>
    <subfield code="c">2006</subfield>
  </datafield>
  <datafield tag="100" ind1="1" ind2=" ">
    <subfield code="a">Lucas Avi&#xF1;a, Erika Alejandra</subfield>
  </datafield>
  <datafield tag="240" ind1="1" ind2=" ">
    <subfield code="a">Research of an implementation of an chemical fertilizing plant in Angostura, Sinaloa.</subfield>
    <subfield code="l">Espa&#xF1;ol</subfield>
  </datafield>
  <datafield tag="245" ind1="1" ind2="0">
    <subfield code="a">Estudio t&#xE9;cnico econ&#xF3;mico para la instalaci&#xF3;n de una planta formuladora de fertilizantes qu&#xED;micos en Angostura, Sinaloa /</subfield>
    <subfield code="c">Erika Alejandra Lucas Avi&#xF1;a</subfield>
  </datafield>
  <datafield tag="264" ind1=" " ind2=" ">
    <subfield code="a">Chapingo, M&#xE9;xico :</subfield>
    <subfield code="b">El autor,</subfield>
    <subfield code="c">2006</subfield>
  </datafield>
  <datafield tag="300" ind1=" " ind2=" ">
    <subfield code="a">xi, 103 hojas :</subfield>
    <subfield code="b">mapas, gr&#xE1;ficas, diagramas, tablas, planos</subfield>
  </datafield>
  <datafield tag="336" ind1=" " ind2=" ">
    <subfield code="2">rdacontent</subfield>
    <subfield code="a">texto</subfield>
    <subfield code="b">txt</subfield>
  </datafield>
  <datafield tag="337" ind1=" " ind2=" ">
    <subfield code="2">rdamedia</subfield>
    <subfield code="a">no mediado</subfield>
    <subfield code="b">n</subfield>
  </datafield>
  <datafield tag="338" ind1=" " ind2=" ">
    <subfield code="2">rdacarrier</subfield>
    <subfield code="a">volumen</subfield>
    <subfield code="b">nc</subfield>
  </datafield>
  <datafield tag="500" ind1=" " ind2=" ">
    <subfield code="a">Los planos est&#xE1;n incluidos en el reporte.</subfield>
  </datafield>
  <datafield tag="502" ind1=" " ind2=" ">
    <subfield code="a">Tesis </subfield>
    <subfield code="b">(Ingeniero Agroindustrial) --</subfield>
    <subfield code="c">UACh. Departamento de Ingenier&#xED;a Agroindustrial,</subfield>
    <subfield code="d">2006</subfield>
  </datafield>
  <datafield tag="504" ind1=" " ind2=" ">
    <subfield code="a">Bibliograf&#xED;a: hojas 92-94</subfield>
  </datafield>
  <datafield tag="505" ind1="0" ind2=" ">
    <subfield code="a">2 planos --
1. Plano de distribuci&#xF3;n de &#xE1;reas de la empresa --
2. Plano de distribuci&#xF3;n de equipo</subfield>
  </datafield>
  <datafield tag="520" ind1="3" ind2=" ">
    <subfield code="a">Los fertilizantes son un coadyuvante en el proceso del manejo de los productos agr&#xED;colas, de tal forma que las t&#xE9;cnicas de la fisiolog&#xED;a y tecnolog&#xED;a poscosecha puedan ser aplicadas con un grado mayor de confianza, asegurando una vida de anaquel elevada y hasta el d&#xED;a de hoy, tan solo se encuentran a la venta fertilizantes gen&#xE9;ricos o tradicionales como fuente de macro y micronutrientes. Sin embargo, estos productos no se encuentran preparados para un determinado cultivo, lo cual implica que el productor debe realizar c&#xE1;lculos sobre las cantidades a utilizar de cada producto, en el mejor de los casos, y a llevar a cabo varias aplicaciones de esos productos de acuerdo a los requerimientos por las etapas de desarrollo del cultivo. La importancia de la fertilizaci&#xF3;n en el cultivo de jitomate en el estado de Sinaloa radica en que seg&#xFA;n cifras del SIAP de la SAGARPA, la producci&#xF3;n total mexicana de jitomate durante los a&#xF1;os 1991-2000 fue de 19 millones de toneladas, concentr&#xE1;ndose el 39.9% de la producci&#xF3;n en lo Estado de Sinaloa. Es importante destacar que el cultivo del jitomate represent&#xF3; en los &#xFA;ltimos diez a&#xF1;os poco m&#xE1;s del 50% de la producci&#xF3;n total de hortalizas producidas en Sinaloa.  Por tale razones, se elabor&#xF3; el presente proyecto, para beneficiar tanto a la SPR de R. L. que se propone, como a los mismos productores de jitomate en la regi&#xF3;n, en el que se determin&#xF3; que es econ&#xF3;mica y t&#xE9;cnicamente factible ya que se obtuvo un valor de VAN de $8,072,952.19 y de la TIR de 51%, valor mayor a la TREMA que es de 29%, y la Relaci&#xF3;n Beneficio Costo (B/C) de 1.2.  De la misma forma resulta favorable el hecho de que la instalaci&#xF3;n de la planta no tiene un impacto desfavorable al medio pues no existen desechos t&#xF3;xicos ni aguas residuales que requieran de tratamiento previo antes de su llegada al drenaje. --</subfield>
  </datafield>
  <datafield tag="520" ind1="3" ind2=" ">
    <subfield code="a">Fertilizers help on the managment project of agricultural products, in such way that postharvesting period technics can be apply with more confidence assuring a longer crops life, until today you can only find generic or traditional fertilizers on stores, as source of macro and micronutriments. Nevertheless such products can not be bought for an specific kind of crop which means that producer has to calculate the amounts of fertilizer for each product and to use this products according to the exact requirements of fertilizing on each an every stage of the crop development.  The importance of fertilizing in the tomatoe harvesting process in the state of Sinaloa take roots in the total mexican production which according to SAGARPA through years 1991-2000 it reached an amount of 19 million tons, concentrating the 39.9% of the whole production on the state of Sinaloa. Is important to mention that in the last 10 years the growth of tomatoe represent al most the 50 % of the whole state vegetable production. So is for this reasons that this project has been elaborated, to help the tomatoe producers of the region and to develop and interesting an financially balanced enterprise. So we determine that it is economically factible since we get a VAN of $8,072,952.19 and a TIR of 51% just above the TREMA that reaches only a 29% getting a net benefit of 1.2. In the same way we found positive the fact that the facilities would not have an impact on environment since there were nether toxic wastes nor polluted water which could require and specific treatment before been waste. </subfield>
  </datafield>
  <datafield tag="650" ind1="1" ind2="3">
    <subfield code="a">Industria de los fertilizantes</subfield>
    <subfield code="z">M&#xE9;xico</subfield>
    <subfield code="z">Sinaloa</subfield>
    <subfield code="2">atg</subfield>
  </datafield>
  <datafield tag="650" ind1="1" ind2="7">
    <subfield code="a">Fertilizantes</subfield>
    <subfield code="2">atg</subfield>
  </datafield>
  <datafield tag="650" ind1="1" ind2="3">
    <subfield code="a">Iniciativa empresarial</subfield>
    <subfield code="z">M&#xE9;xico</subfield>
    <subfield code="z">Sinaloa  </subfield>
    <subfield code="2">atg</subfield>
  </datafield>
  <datafield tag="650" ind1="1" ind2="3">
    <subfield code="a">Fertilizer industry</subfield>
    <subfield code="z">Mexico</subfield>
    <subfield code="z">Sinaloa</subfield>
    <subfield code="2">atg</subfield>
  </datafield>
  <datafield tag="650" ind1="1" ind2="3">
    <subfield code="a">Fertilizers</subfield>
    <subfield code="2">atg</subfield>
  </datafield>
  <datafield tag="650" ind1="1" ind2="3">
    <subfield code="a">Entrepreneurship</subfield>
    <subfield code="z">Mexico</subfield>
    <subfield code="z">Sinaloa</subfield>
    <subfield code="2">atg</subfield>
  </datafield>
  <datafield tag="700" ind1="1" ind2=" ">
    <subfield code="a">Ponce Hern&#xE1;ndez, Pedro</subfield>
    <subfield code="e">director</subfield>
  </datafield>
  <datafield tag="700" ind1="1" ind2=" ">
    <subfield code="a">Leyva Ruelas, Gabriel</subfield>
    <subfield code="e">asesor</subfield>
  </datafield>
  <datafield tag="700" ind1="1" ind2=" ">
    <subfield code="a">Castillo Merino, Jorge</subfield>
    <subfield code="e">asesor</subfield>
  </datafield>
  <datafield tag="856" ind1="4" ind2="1">
    <subfield code="u">http://10.13.5.2/tesis/103512.pdf</subfield>
    <subfield code="y">DESCARGAR PDF</subfield>
  </datafield>
  <datafield tag="901" ind1=" " ind2=" ">
    <subfield code="a">TESIS L83 2006</subfield>
  </datafield>
  <datafield tag="902" ind1=" " ind2=" ">
    <subfield code="a">M</subfield>
  </datafield>
  <datafield tag="905" ind1=" " ind2=" ">
    <subfield code="a">0000002006                          mx E   0000000000spa00</subfield>
  </datafield>
  <datafield tag="942" ind1=" " ind2=" ">
    <subfield code="c">TESIS</subfield>
    <subfield code="2">Clasificaci&#xF3;n Universidad Aut&#xF3;noma Chapingo</subfield>
  </datafield>
  <datafield tag="999" ind1=" " ind2=" ">
    <subfield code="c">174226</subfield>
    <subfield code="d">174226</subfield>
  </datafield>
  <datafield tag="952" ind1=" " ind2=" ">
    <subfield code="0">0</subfield>
    <subfield code="1">0</subfield>
    <subfield code="2">local</subfield>
    <subfield code="4">0</subfield>
    <subfield code="5">1</subfield>
    <subfield code="7">0</subfield>
    <subfield code="8">TESIS</subfield>
    <subfield code="a">IA_</subfield>
    <subfield code="b">IA_</subfield>
    <subfield code="d">2022-01-18</subfield>
    <subfield code="e">El autor</subfield>
    <subfield code="l">0</subfield>
    <subfield code="o">Tesis L83 2006</subfield>
    <subfield code="p">1101015349</subfield>
    <subfield code="r">2026-02-02 00:00:00</subfield>
    <subfield code="t">Ej. 1</subfield>
    <subfield code="y">TESIS</subfield>
  </datafield>
  <datafield tag="952" ind1=" " ind2=" ">
    <subfield code="0">0</subfield>
    <subfield code="1">0</subfield>
    <subfield code="2">local</subfield>
    <subfield code="4">0</subfield>
    <subfield code="5">5</subfield>
    <subfield code="7">0</subfield>
    <subfield code="8">TESIS</subfield>
    <subfield code="a">IA_</subfield>
    <subfield code="b">IA_</subfield>
    <subfield code="d">2025-02-28</subfield>
    <subfield code="e">El autor</subfield>
    <subfield code="l">0</subfield>
    <subfield code="o">Tesis L83 2006</subfield>
    <subfield code="p">1101015350</subfield>
    <subfield code="r">2026-02-02 00:00:00</subfield>
    <subfield code="t">Ej. 2</subfield>
    <subfield code="w">2025-02-28</subfield>
    <subfield code="y">TESIS</subfield>
  </datafield>
  <datafield tag="952" ind1=" " ind2=" ">
    <subfield code="0">0</subfield>
    <subfield code="1">0</subfield>
    <subfield code="2">local</subfield>
    <subfield code="4">0</subfield>
    <subfield code="7">0</subfield>
    <subfield code="8">TesDigL</subfield>
    <subfield code="a">IA_</subfield>
    <subfield code="b">IA_</subfield>
    <subfield code="c">E_L</subfield>
    <subfield code="d">2025-02-28</subfield>
    <subfield code="e">El autor</subfield>
    <subfield code="l">0</subfield>
    <subfield code="p">1201015349</subfield>
    <subfield code="r">2025-02-28 13:47:53</subfield>
    <subfield code="w">2025-02-28</subfield>
    <subfield code="y">TD</subfield>
  </datafield>
</record>
